00253nam a22000977a 4500082001900000100001800019245003400037260004400071300000700115650003300122 a324.245408 KRU aKruizinga, H. aHyderabad: Communal Violence  aHyderabadbHenry Martyn Institutec2008 a63 aHyderabad Communal Violence